Statistics for 20 Game of Thrones houses

Click here to take the quiz!

General Stats

  • This quiz has been taken 2,445 times
    (2,437 since last reset)
  • The average score is 37 of 80

Answer Stats

HintHouse% Correct
1Stark
100%
2Lannister
98%
3Baratheon
97%
5Tyrell
95%
6Martell
94%
4Targaryen
93%
7Tully
93%
11Greyjoy
90%
8Arryn
87%
9Bolton
86%
10Mormont
76%
1Winterfell
76%
1Winter is Coming
75%
1Dire Wolf
73%
4Dragon
73%
2Lion
73%
2Casterly Rock
71%
16Frey
71%
12Tarly
68%
5High Garden
67%
3Stag
67%
4Dragonstone
66%
17Karstark
66%
6Red Sun and Gold Spear
66%
5Rose
66%
2Hear Me Roar
65%
3Storms End
62%
6Sunspear
62%
7Riverrun
60%
4Fire and Blood
59%
11Kraken
59%
15Umber
59%
11Pyke
57%
13Clegane
56%
5Growing Strong
56%
7Trout
55%
8Moon and Falcon
52%
9Flayed Man
51%
3Ours is the Fury
51%
11We do not sow
51%
8The Eyrie
50%
7Family duty honor
45%
6Unbowed Unbent Unbroken
45%
10Bear Island
44%
9Dreadfort
42%
8As High as honor
40%
16Twins
37%
20Tarth
36%
18Manderly
31%
14Glover
30%
16Unknown
28%
13Unknown
28%
14Unknown
28%
20Unknown
28%
18Unknown
28%
15Unknown
28%
20Quartered Sun and Moon
27%
9Our blades are sharp
23%
12Hornhill
21%
10Black Bear
19%
17Karhold
19%
10Here we stand
18%
15Last Hearth
18%
13Three dogs
15%
16Two towers united by a bridge
15%
12First in battle
13%
18White Harbor
12%
14Deepwood motte
10%
19Yronwood
10%
19Yronwood
10%
18Merman
9%
13Clegane's Keep
8%
12Striding Huntsman
8%
17The sun of winter
6%
17White Sunburst
6%
20Evenfall Hall
5%
14Armoured Fist
2%
15Gold Chains
2%
19Portcullis
2%
19We guard the way
2%

Score Distribution

Percentile by Number Answered

Percent of People with Each Score

Your Score History

You have not taken this quiz since the last reset